000
00360nam a2200133Ia 4500
008
231129s2002||||xx |||||||||||||| ||spa||
020
_a
958-33-3666-1
040
_b
spa
082
_a
759.9861 J37r
245
0
_a
Lorenzo Jaramillo
260
_c
2002
264
_a
Bogotá Colombia : Seguros Bolívar
942
_2
ddc
_c
BKS
999
_c
19445
_d
19445